| LEADER 00000nama 2200000uu 4500 |
| 008 040531s2538 th m m a000 0 tha d |
| 041 tha
|
| 050 วพ WY157.3 ว816ค 2538
|
| 100 ^aวีนัส สืบศรี.
|
| 245 ^aความพร้อมของมารดาที่มีผลต่อการให้นมแม่สำหรับบุตรในระยะ 6 เดือนแรก เขอำเภอมเอง จังหวีดเชียงใหม่/^bวีนัส สืบศรี.
|
| 260 ^aเชียงใหม่ :^bมหาวิทยาลัยเชียงหม่,^c 2538.
|
| 300 ^a[ก]-ฎ,99 แผ่น.
|
| 502 ^aวิทยานิพนธ์(สศ.ม.)--บัณฑิตวิทยาลัย มหาวิทยาลัยเชียงใหม่,2538.
|
| 650 ^aการเลี้ยงลูกด้วยนมแม่.
|
| 650 0 ^aน้ำนมมารดา.
|
| 650 0 ^aการให้นม.
|
| 650 0 ^aทารก^x--โภชนาการ.
|
| 710 1 ^aมหาวิทยาลัยเชียงใหม่ บัญฑิตวิทยาลัย.
|
| 995 ^aวิทยานิพนธ์.
|
| 998 1999-02-09
|
| 999 ^aใช้งานได้ทุกระบบ
|